01864nam a2200217 a 4500001000400000003000900004008004100013040002800054082001800082100003200100245007600132260005100208300001300259505099000272650002801262650002101290942001201311999001701323952015301340952015301493799CO-ViMGA141112s2004 ck r 000 u spa d aCO-ViMGAbspacCO-ViMGA04aR616.026 D4191 aDíaz Rubio, Manuel94869610aTratado de Medicina Interna / cDíaz Rubio Manuel , Espinos Domingos  aBuenos Aires : bMedica PanAméricana, c1996 a2 v : il aTOMO (I)Medicina y enfermedad ;Praxis de la medicina, medicina preventiva Genética Medica Inmunología Clínica Farmacología clínica Enfermedades del aparato cardiocirculatorio Enfermedades del aparato respiratorio Medicina Intensiva : Cuidados intensivos Enfermedades de la sangre y de los organos Hematopoyeticos , Hematología Oncología medica Enfermedades del aparato digestivo Enfermedades del higado y vias biliares Enfermedades del riñon y de las vias Urinarias : Urología TOMO (II)Enfermedades infecciosas y parasitarias Intoxicaciones y drogodependencia : Farmacodependencia Enfermedades producidas por agentes físicos Enfermedades del metabolismo y de la nutrición Enfermedades del sistema endocrino Enfermedades del sistema nervioso y muscular Enfermedades del sistema osteoarticular y del tejido conectivo Enfermedades mentales y del comportamiento Medicina geriátrica Manifestaciones cutáneas de las enfermedades internas Apendice Indice analítico14aEspinos, Domingo94869714aMEDICINA INTERNA 2ddccBK c13035d13035 00102ddc40708002aMEVIECARbMEVIECARd2015-12-04hVolumen. 1 | 11/jun/2009l0oR616.026 D419 p04846r2022-10-03 00:00:00tEj. 1w2015-12-04yBK 00102ddc40708002aMEVIECARbMEVIECARd2015-12-04hVolumen. 2 | 03/sep/2009l0oR616.026 D419 p04845r2015-12-04 00:00:00tEj. 1w2015-12-04yBK